00272 a2200109 4500001000700000040003500007100001600042240004600058245004100104300000800145362000900153155842 cEscola São Tomás de Aquino aJANSON, H.W10aIniciação à História da Artelpor10aIniciação à História da Arte a4750 a1996